000 00517nam a22001697a 4500
005 20251108171247.0
008 250721s1985 xx 000 0 ara d
082 1 4 _a956.6/فار
100 1 _aعمر، فاروق
245 1 0 _aتاريخ الخليج العربي في العصر الوسطى الإسلامية 622- 1500 /
264 1 _aبغداد :
_bدار واسط،
_c1985.
300 _a244ص
650 1 7 _aالجزيرة العربية
650 1 7 _aالتاريخ
942 _2ddc
_cBK
999 _c60716
_d60716